00483cam a2200157ua 45000010005000000080039000050400009000440820010000531000031000632450066000942500009001602600070001693000017002396530026002566530043002824306111223n ii |||gr||||Z||||||eng cMAIN a305.41 aMahanta, Aparna,eEditor.,11aHumen rights women of north east indiaced. by Aparna Mahanta a1st. aDibrugarh:bCentre for women studies dibrugarh university,c2002. a278p:c23cm. aSocial group of women aHumen rights women of north east india